[Event "Madrid-chT 1920 Honor"]
[Site "Madrid"]
[Date "2020.02.08"]
[Round "8.4"]
[White "Lopez Paniego, Noel"]
[Black "Martinez Rubi, Alberto"]
[Result "1/2-1/2"]
[WhiteElo "2048"]
[BlackElo "2110"]
[PlyCount "47"]
[EventDate "2019.11.24"]
[EventType "team-tourn"]
[EventRounds "12"]
[EventCountry "ESP"]
[SourceTitle "EXT 2021"]
[Source "ChessBase"]
[SourceDate "2020.10.23"]
[SourceVersion "1"]
[SourceVersionDate "2020.10.23"]
[SourceQuality "1"]
[WhiteTeam "Getafe"]
[BlackTeam "Blanco y Negro"]
[WhiteTeamCountry "ESP"]
[BlackTeamCountry "ESP"]

1. Nf3 e6 2. b3 b6 3. Bb2 Bb7 4. e3 Nf6 5. Be2 Be7 6. 0-0 0-0 7. c4 d6 8. d4 Nbd7 9. Nc3 Re8 10. Nd2 Bf8 11. Bf3 Qc8 12. Bxb7 Qxb7 13. Qf3 Qxf3 14. Nxf3 a6 15. Rfd1 d5 16. cxd5 exd5 17. Rac1 Bd6 18. Nb1 b5 19. Ne1 Ne4 20. Nd3 b4 21. a4 a5 22. Nd2 Nxd2 23. Rxd2 Re7 24. g3 1/2-1/2

[Event "Pfalz op-A 8th"]
[Site "Neustadt an der Weinstrasse"]
[Date "2017.02.24"]
[Round "1"]
[White "Martinez Rubi, Alberto"]
[Black "Shevchenko, Kirill"]
[Result "0-1"]
[WhiteElo "2068"]
[BlackElo "2453"]
[PlyCount "60"]
[EventDate "2017.02.24"]
[EventType "swiss"]
[EventRounds "9"]
[EventCountry "GER"]
[SourceTitle "CBM 177 Extra"]
[Source "ChessBase"]
[SourceDate "2017.04.27"]
[SourceVersion "1"]
[SourceVersionDate "2017.04.27"]
[SourceQuality "1"]

1. e4 c5 2. Nf3 d6 3. d4 cxd4 4. Nxd4 Nf6 5. Nc3 a6 6. Be3 e5 7. Nf3 Qc7 8. a4 Be7 9. a5 0-0 10. Be2 Be6 11. Ng5 Nc6 12. Bb6 Qd7 13. Bf3 Bd8 14. Qd2 Bxb6 15. axb6 Nd4 16. Ra4 Rac8 17. Rxd4 exd4 18. Qxd4 Rc4 19. Qd3 Rb4 20. b3 Rxb6 21. h3 Rc8 22. Bg4 Bxg4 23. hxg4 h6 24. Nd5 Nxd5 25. e5 hxg5 26. Qh7+ Kf8 27. Qh8+ Ke7 28. Qxg7 dxe5 29. Qxg5+ Nf6 30. Qe3 Qd4 0-1

[Event "Roquetas de Mar op 25th"]
[Site "Roquetas de Mar"]
[Date "2014.01.02"]
[Round "1"]
[White "Fernandez Romero, Ernesto"]
[Black "Martinez Rubi, Alberto"]
[Result "1-0"]
[WhiteElo "2468"]
[BlackElo "2075"]
[PlyCount "78"]
[EventDate "2014.01.02"]
[EventType "swiss"]
[EventRounds "9"]
[EventCountry "ESP"]
[SourceTitle "CBM 158 Extra"]
[Source "ChessBase"]
[SourceDate "2014.02.28"]
[SourceVersion "1"]
[SourceVersionDate "2014.02.28"]
[SourceQuality "1"]

1. d4 Nf6 2. c4 e6 3. Nc3 c5 4. d5 exd5 5. cxd5 d6 6. Nf3 g6 7. Bf4 a6 8. Nd2 Nh5 9. Qa4+ Qd7 10. Qe4+ Be7 11. Bh6 Nf6 12. Qd3 b5 13. a4 Ng4 14. Bf4 g5 15. Bg3 b4 16. Ncb1 f5 17. h3 Ne5 18. Bxe5 dxe5 19. Nc4 e4 20. Qd1 Bb7 21. e3 Qxd5 22. Qxd5 Bxd5 23. Nb6 Bc6 24. Nxa8 Bxa8 25. Nd2 Bf6 26. 0-0-0 Ke7 27. Bc4 Bc6 28. b3 Rc8 29. g4 f4 30. exf4 Bd4 31. Nxe4 Bxe4 32. Rhe1 gxf4 33. Rxe4+ Kd6 34. Rxf4 Nd7 35. Bxa6 Rd8 36. Bc4 Ne5 37. Rfxd4+ cxd4 38. Rxd4+ Ke7 39. Rxd8 Kxd8 1-0

[Event "Almansa op 6th"]
[Site "Almansa"]
[Date "2011.08.09"]
[Round "1"]
[White "Serna Lara, Sergio"]
[Black "Martinez Rubi, Alberto"]
[Result "1-0"]
[WhiteElo "2253"]
[BlackElo "2063"]
[PlyCount "77"]
[EventDate "2011.08.09"]
[EventType "swiss"]
[EventRounds "9"]
[EventCountry "ESP"]
[SourceTitle "CBM 144 Extra"]
[Source "ChessBase"]
[SourceDate "2011.10.28"]
[SourceVersion "1"]
[SourceVersionDate "2011.10.28"]
[SourceQuality "1"]

1. d4 Nf6 2. c4 e6 3. g3 c5 4. d5 d6 5. Nc3 exd5 6. cxd5 g6 7. Bg2 Bg7 8. Nf3 0-0 9. 0-0 a6 10. a4 Qe7 11. Nd2 Nbd7 12. h3 h6 13. Nc4 Ne5 14. Na3 Nh7 15. f4 Nd7 16. e4 f5 17. Re1 Qd8 18. Nc4 Nb6 19. Nxb6 Qxb6 20. e5 Re8 21. e6 Qb4 22. Qc2 Bd4+ 23. Kh2 Kg7 24. a5 Bd7 25. Bd2 Bb5 26. Nxb5 Qxb5 27. Bf1 Qxb2 28. Qxb2 Bxb2 29. Rab1 Bf6 30. Rxb7+ Be7 31. Bc3+ Kg8 32. Bc4 Bf6 33. Bxf6 Nxf6 34. Rb6 Ne4 35. Rxa6 Rxa6 36. Bxa6 Ra8 37. Bd3 Nf6 38. a6 Nxd5 39. a7 1-0

[Event "Roquetas de Mar op 20th"]
[Site "Roquetas de Mar"]
[Date "2009.01.03"]
[Round "1"]
[White "Cruz, Cristhian"]
[Black "Martinez Rubi, Alberto"]
[Result "1-0"]
[WhiteElo "2545"]
[BlackElo "1999"]
[PlyCount "34"]
[EventDate "2009.01.03"]
[EventType "swiss"]
[EventRounds "9"]
[EventCountry "ESP"]
[SourceTitle "CBM 128 Extra"]
[Source "ChessBase"]
[SourceDate "2009.03.05"]
[SourceVersion "2"]
[SourceVersionDate "2009.03.25"]
[SourceQuality "1"]

1. d4 e6 2. c4 Nf6 3. Nf3 c5 4. d5 d6 5. Nc3 exd5 6. cxd5 g6 7. Bf4 Bg7 8. e3 a6 9. a4 0-0 10. Be2 Qc7 11. Nd2 Nbd7 12. Nc4 Ne8 13. Ne4 Be5 14. Bxe5 Nxe5 15. Nxc5 dxc5 16. Nd6 Nxd6 17. Qd2 Qa5 1-0

[Event "Benidorm op U2000 07th"]
[Site "Benidorm"]
[Date "2008.12.02"]
[Round "4"]
[White "Martinez Rubi, Alberto"]
[Black "Martinez Rubi, Alberto"]
[Result "0-1"]
[WhiteElo "1999"]
[BlackElo "1999"]
[PlyCount "82"]
[EventDate "2008.11.29"]
[EventType "swiss"]
[EventRounds "9"]
[EventCountry "ESP"]
[SourceTitle "CBM 127 Extra"]
[Source "ChessBase"]
[SourceDate "2009.01.08"]
[SourceVersion "2"]
[SourceVersionDate "2009.01.28"]
[SourceQuality "1"]

1. e4 e6 2. d3 d5 3. Nd2 Nf6 4. Ngf3 Nc6 5. g3 dxe4 6. dxe4 Bc5 7. Bg2 e5 8. 0-0 Bg4 9. c3 Qe7 10. b4 Bb6 11. a4 a5 12. b5 Nb8 13. Qc2 Nbd7 14. Nb3 Be6 15. c4 Bg4 16. Ba3 Bc5 17. Nxc5 Nxc5 18. Nd2 b6 19. Nb3 Nfd7 20. f4 f6 21. h3 Be6 22. Nxc5 Nxc5 23. fxe5 fxe5 24. Rf3 0-0-0 25. Qf2 Rd4 26. Bb2 Nd3 27. Bxd4 Nxf2 28. Bxf2 Rf8 29. Rxf8+ Qxf8 30. Rc1 Qa3 31. Rc2 Qxa4 32. Rc1 Qa3 33. Rc2 Qd3 34. Rc1 Qd2 35. Rb1 Bxc4 36. Bf3 Be2 37. Bg2 a4 38. h4 a3 39. Bh3+ Kb7 40. Be6 Qc2 41. Bd5+ Kc8 0-1

[Event "Benidorm op U2000 07th"]
[Site "Benidorm"]
[Date "2008.11.30"]
[Round "2"]
[White "Alonso Igual, Ignacio"]
[Black "Martinez Rubi, Alberto"]
[Result "0-1"]
[WhiteElo "1901"]
[BlackElo "1999"]
[PlyCount "93"]
[EventDate "2008.11.29"]
[EventType "swiss"]
[EventRounds "9"]
[EventCountry "ESP"]
[SourceTitle "CBM 127 Extra"]
[Source "ChessBase"]
[SourceDate "2009.01.08"]
[SourceVersion "2"]
[SourceVersionDate "2009.01.28"]
[SourceQuality "1"]

1. e4 e6 2. d4 d5 3. Nd2 Nf6 4. e5 Nfd7 5. c3 c5 6. Bd3 Nc6 7. Ne2 Qb6 8. Nf3 cxd4 9. cxd4 f6 10. exf6 Nxf6 11. 0-0 Bd6 12. Bf4 Bxf4 13. Nxf4 0-0 14. Re1 Qxb2 15. Re2 Qa3 16. Nxe6 Bxe6 17. Rxe6 Nb4 18. Bf5 g6 19. Re3 Qa5 20. Be6+ Kg7 21. Ng5 h6 22. Nh3 Ne4 23. f3 Nd6 24. Rb1 Na6 25. g3 Rf6 26. Nf4 Nc7 27. Bh3 Raf8 28. Rc1 Nc4 29. Re7+ R8f7 30. Rxf7+ Kxf7 31. Qc2 Qb6 32. Qd3 Qd6 33. Kf2 Rxf4 34. gxf4 Qxf4 35. Rxc4 Qxh2+ 36. Ke1 Qg3+ 37. Kd2 dxc4 38. Qxc4+ Kf6 39. Bf1 Qf4+ 40. Kc2 Ne6 41. d5 Qxc4+ 42. Bxc4 Nd4+ 43. Kc3 Nxf3 44. d6 Ne5 45. Bd5 Nf7 46. d7 Nd8 47. Be4 0-1

[Event "Andalucia-ch U18"]
[Site "Motril"]
[Date "2008.03.15"]
[Round "3.12"]
[White "Martinez Rubi, Alberto"]
[Black "Almagro Guardia, Elena"]
[Result "1-0"]
[WhiteElo "1989"]
[BlackElo "1902"]
[PlyCount "65"]
[EventDate "2008.03.14"]
[EventType "swiss"]
[EventRounds "8"]
[EventCountry "ESP"]
[SourceTitle "EXT 2024"]
[Source "ChessBase"]
[SourceDate "2023.10.10"]
[SourceVersion "1"]
[SourceVersionDate "2023.10.10"]
[SourceQuality "1"]

1. e4 c5 2. Nf3 e6 3. d4 cxd4 4. Nxd4 Nf6 5. Nc3 Nc6 6. Ndb5 d6 7. Bf4 e5 8. Bg5 a6 9. Na3 b5 10. Nd5 Be7 11. Bxf6 Bxf6 12. c3 0-0 13. Nc2 Bg5 14. a4 Rb8 15. axb5 axb5 16. Ncb4 Nxb4 17. Nxb4 Qb6 18. h4 Bh6 19. Bd3 f5 20. exf5 Bxf5 21. Ra6 Qc5 22. Bxf5 Rxf5 23. 0-0 Rf6 24. Rc6 Qa7 25. Rxd6 Qf7 26. Rd8+ Rxd8 27. Qxd8+ Qf8 28. Qd5+ Rf7 29. Qxe5 Qd8 30. Nc6 Qd7 31. Qxb5 Bf4 32. Nd4 Qg4 33. Qe8+ 1-0

[Event "Benidorm op U2000 06th"]
[Site "Benidorm"]
[Date "2007.??.??"]
[Round "1"]
[White "Martinez Rubi, Alberto"]
[Black "Aretxabaleta Saez, Julen"]
[Result "1-0"]
[WhiteElo "1945"]
[BlackElo "1790"]
[PlyCount "59"]
[EventDate "2007.11.??"]
[EventType "swiss"]
[EventRounds "9"]
[EventCountry "ESP"]
[SourceTitle "EXT 2010"]
[Source "ChessBase"]
[SourceDate "2010.11.25"]
[SourceVersion "1"]
[SourceVersionDate "2010.11.25"]
[SourceQuality "1"]

1. e4 c5 2. Nf3 Nc6 3. d4 cxd4 4. Nxd4 a6 5. Nc3 Qb6 6. Nb3 e6 7. Be3 Qc7 8. Be2 Nf6 9. 0-0 b5 10. f4 b4 11. Na4 Nxe4 12. Bf3 d5 13. Bxe4 dxe4 14. Bb6 Qd6 15. Qe2 Qd5 16. Rad1 Qb5 17. Qxe4 Qxa4 18. Na5 Bd7 19. Rxd7 Kxd7 20. Rd1+ Bd6 21. Nb7 Qb5 22. Rxd6+ Kc8 23. Rxc6+ Kxb7 24. Rc5+ Kxb6 25. Rxb5+ axb5 26. Qd4+ Kc6 27. Qxg7 Rhc8 28. Qxh7 Rxa2 29. Qe4+ Kb6 30. Qxb4 1-0